Stability characteristics and interaction strength combinations of a shallow water trophic model in Crandon Park, Biscayne, Florida : master thesis
Saved in:
| Main Author: | |
|---|---|
| Corporate Authors: | , |
| Other Authors: | , |
| Format: | Thesis Book |
| Language: | English |
| Published: |
2010
|
| Subjects: | |
| Online Access: | http://hdl.handle.net/11610/11674 |
| Tags: |
Add Tag
No Tags, Be the first to tag this record!
|
MARC
| LEADER | 00000cam a2200000 i 4500 | ||
|---|---|---|---|
| 001 | 1/15176 | ||
| 008 | 110927s2010 eng d | ||
| 035 | |l 10110871 | ||
| 040 | |a GR-MY-UA |b gre |e aacr | ||
| 041 | 0 | |a eng | |
| 082 | 0 | |a 577 |2 (22) | |
| 100 | 1 | |a Ennaji, Jawal. | |
| 245 | 1 | 0 | |a Stability characteristics and interaction strength combinations of a shallow water trophic model in Crandon Park, Biscayne, Florida : |b master thesis / |c Ennaji Jawal and Bonnal Agathe ; supervisorQ John W. Mc Manus |
| 260 | |c 2010 | ||
| 300 | |a 28 σ.; |b πιν.; |c 30 εκ. | ||
| 502 | |a Διατριβή (μεταπτυχιακή) – Πανεπιστήμιο Αιγαίου, Λέσβος, 2010. | ||
| 504 | |a Βιβλιογραφία: σ. 25-28 | ||
| 506 | 1 | |a Ηλεκτρονική διάθεση στο πλήρες κείμενο - περιορισμένης πρόσβασης ; |d Ελεύθερη διάθεση μόνο στα μέλη του Πανεπιστημίου Αιγαίου. | |
| 540 | |a Κλειδωμένη η δυνατότητα αντιγραφής (copy) από το ηλεκτρονικό κείμενο. | ||
| 650 | 0 | 0 | |a Coastal ecology. |
| 650 | 0 | 0 | |a Marine ecology |x Mathematical models. |
| 650 | 0 | |a Marine biological diversityFlorida |z Florida |z Biscayne Bay. | |
| 650 | 0 | 0 | |a Dissertations, Academic |z Greece. |
| 700 | 1 | |a Bonnal, Agathe. | |
| 700 | 1 | |a Manus, John W. | |
| 710 | 2 | |a Πανεπιστήμιο Αιγαίου Ελληνογαλλικό Πρόγραμμα Μεταπτυχιακών Σπουδών Διατήρηση της Βιοποικιλότητας |b Σχολή Περιβάλλοντος. | |
| 710 | 2 | |a Universite des sciences et techniques du Languedoc. | |
| 852 | |a INST |b LESVOS |c DIATR |e 20110927 |h 31 |p 005100051502 |q 005100051502 |t MTXE |y 23 | ||
| 852 | |a INST |b LESVOS |c DIATR |e 20110927 |h 32 |p 005100051503 |q 005100051503 |t MTXE |y 23 | ||
| 856 | |u http://hdl.handle.net/11610/11674 | ||
| 901 | |a BIBL1-2011-3 | ||
| 909 | |a Λ |b 171631 | ||
| 909 | |a Λ |b 171632 | ||
| 924 | |a ENNAJI |b JAWAL |y ΛΕΣΒΟΣ |z 2010-12 | ||
| 924 | |a BONNAL |b AGATHE |y ΛΕΣΒΟΣ |z 2010-2 | ||
| 970 | |a ΤΖΑΦΕΡΗ |b ΕΥΑΓΓΕΛΙΑ |z 2011/09/25 | ||